200 biggest cities in Western Asia - Statistics

General Stats
  • This quiz has been taken 222 times
  • The average score is 47 of 200
Answer Stats
Pop Nat. City % Correct
8945984 IRN Tehrān
99%
4959031 TUR Ankara
98%
3256866 UAE Dubai
98%
6786070 IRQ Baghdād
97%
1444314 SYR Damascus
95%
6891111 KSA Riyadh
95%
1424772 UAE Abu Dhabi
92%
2026341 JOR Amman
92%
1937451 YEM Sana
92%
468670 KWT Al-Kuwayt
91%
1906744 KSA Mecca
91%
2916238 SYR Aleppo
90%
1291300 AZE Baku
90%
1077384 QAT Doha
90%
1650000 LBN Beirut
89%
4403735 KSA Jeddah
89%
917036 ISR Jerusalem
89%
2947084 TUR İzmir
88%
448532 ISR Tel Aviv-Jaffa
88%
1380312 KSA Medina
86%
1127783 GEO Tbilisi
86%
1080416 ARM Yerevan
84%
2011732 IRN Eṣfahān
78%
3111007 IRN Mashhad
75%
1200582 TUR Antalya
72%
1149180 KSA Dammam
71%
1374289 IRQ Mosul
71%
1354643 IRQ Basra
70%
1931985 TUR Bursa
69%
550602 YEM Aden
66%
282952 ISR Haifa
66%
1614614 IRN Shīrāz
66%
1588469 IRN Tabrīz
66%
647128 PSE Gaza
62%
1653262 TUR Gaziantep
61%
1738648 TUR Adana
58%
1260585 IRN Qom
55%
1286936 TUR Konya
52%
813209 SYR Homs
50%
298422 TUR Trabzon
43%
610804 TUR Samsun
42%
450000 LBN Tripoli
40%
484017 TUR Van
39%
1007466 TUR Diyarbakır
38%
957330 TUR Kayseri
38%
987484 TUR Mersin
38%
1218805 IRN Ahvāz
37%
982864 IRQ Kirkūk
37%
423131 TUR Batman
34%
382454 SYR Hama
31%
752554 TUR Eskişehir
30%
415011 TUR Erzurum
29%
539250 IRN Kermān
28%
486595 SYR Latakia
27%
250000 LBN Sidon
26%
1582145 IRN Karaj
25%
991177 IRN Kermānshāh
25%
754532 IRQ Najaf
24%
241577 IRN Najaf Ābād
24%
340900 AZE Ganja
23%
335154 TUR İzmit
23%
572344 JOR Irbid
22%
887536 IRQ Arbīl
21%
209123 ISR Beersheba
21%
393666 IRQ Kut
21%
483654 TUR Malatya
21%
619263 TUR Denizli
20%
586942 TUR Şanlıurfa
20%
615222 YEM Taiz
20%
338988 TUR Antakya
19%
349772 TUR Sivas
19%
435524 RUS Sochi
19%
701437 JOR Zarqa
19%
576940 UAE Al Ain
17%
527725 TUR Kahramanmaraş
17%
550018 IRN Yazd
17%
698715 IRN Rasht
16%
701867 TUR Gebze
15%
682990 IRQ Sulaymaniyah
15%
600354 IRN Zāhedān
15%
224948 ISR Ashdod
14%
718345 IRQ Karbalā'
14%
551225 IRN Ardabīl
13%
253536 IRQ Fallujah
13%
205158 PSE Hebron
13%
366721 TUR Manisa
13%
314300 AZE Sumqayit
13%
622855 KSA Tabūk
13%
248241 TUR Aydın
12%
388556 TUR Elâzığ
12%
515582 TUR Adapazarı
11%
302180 TUR Balıkesir
11%
236331 TUR Isparta
11%
266927 TUR Tarsus
11%
518495 IRN Arāk
10%
567782 IRN Hamadān
10%
217879 ISR Netanya
10%
412635 IRN Qazvīn
10%
214078 PSE Rafaḥ
10%
289114 KSA Abhā
8%
238221 TUR Afyonkarahisar
8%
735387 QAT Ar-Rayyān
8%
360559 IRN Gorgān
8%
796688 KSA Hofuf
8%
564104 IRQ Nasiriyah
8%
238106 TUR Osmaniye
8%
316086 IRN Sārī
8%
451449 IRN Zanjān
8%
226812 TUR Aksaray
7%
271712 TUR Çorum
7%
249585 TUR Kütahya
7%
377787 KSA Najrān
7%
252422 ISR Rishon LeZion
7%
240233 IRN Ābādān
6%
258576 TUR Adıyaman
6%
234837 YEM Ibb
6%
318120 IRN Kāshān
6%
430896 IRN Sanandaj
6%
532983 IRQ Amarah
5%
605024 KSA Buraydah
5%
313803 SYR Deir ez-Zor
5%
475723 IRN Eslāmshahr
5%
378773 KSA Ḥā'il
5%
520727 KSA Khamīs Mushayṭ
5%
253431 PSE Khān Yūnis
5%
244808 ISR Petah Tikva
5%
193886 EGY Al-'Arīsh
4%
617871 YEM Al-Ḥudaydah
4%
245762 IRN Āmol
4%
264592 IRN Bābol
4%
236725 IRN Būshehr
4%
272342 IRN Dezfūl
4%
957090 KWT Ḥawallī
4%
225846 IRQ Ramadi
4%
249377 IRN Sabzevār
4%
358203 OMN Seeb
4%
199831 IRN Semnān
4%
215778 TUR Uşak
4%
228731 IRN Varāmīn
4%
258132 YEM Al-Mukallā
3%
200800 KSA 'Ar'ar
3%
569141 IRN Bandar-e 'Abās
3%
215611 IRN Bīrjand
3%
892915 KWT Farwaniya
3%
204229 IRN Īlām
3%
515979 KSA Jubail
3%
321801 IRN Qods
3%
206287 IRN Sīrjān
3%
460291 IRQ Al-Ḥillah
2%
281951 IRQ Ba'qūbah
2%
232352 IRN Borūjerd
2%
230242 IRN Golestān
2%
213003 TUR İnegöl
2%
452259 KWT Jahra
2%
303001 KSA Khobar
2%
276450 IRN Malārd
2%
209115 IRN Qā'em Shahr
2%
540245 JOR Russeifa
2%
230243 IRN Sāveh
2%
204777 IRN Shahr-e Kord
2%
337718 IRN Shahrīār
2%
285771 SYR Al-Ḥasakah
1%
286643 KSA Al-Kharj
1%
299439 SYR Ar-Rakka
1%
670741 KSA Aṭ-Ṭa'if
1%
233337 OMN Bawshar
1%
242553 IRN Bojnūrd
1%
204207 IRN Būkān
1%
344276 IRQ Dahūk
1%
407782 IRQ Diwaniyah
1%
332980 KSA Ḥafar al-Bāṭin
1%
248265 IRN Khomeynī Shahr
1%
385196 IRN Khoram Ābād
1%
337114 KWT Mangaf
1%
220457 IRN Nasīm Shahr
1%
277629 RUS Novorossiysk
1%
768352 IRN Orūmīyeh
1%
250263 IRN Pākdasht
1%
249534 IRN Qarchak
1%
224064 IRQ Samawah
1%
274922 JOR Wadi Essier
1%
302525 KSA Yanbu' al-Baḥr
1%
303908 IRQ Zubayr
1%
208633 IRQ Abū al-Kahṣīb
0%
241267 SYR Al-Qāmishlī
0%
287184 PSE Al-Quds
0%
270853 QAT Al-Wukayr
0%
214815 QAT Ash-Shaḥāniyah
0%
309573 KSA Ath-Thuqbah
0%
198438 ISR Bene Beraq
0%
264718 KWT Firdous
0%
516252 KWT Funtas
0%
228347 PSE Jabālyah
0%
233888 JOR Jubeiha
0%
289066 JOR Khilda - Umm Essommaq
0%
250135 KWT Mubarāk al-Kabīr
0%
276151 IRN Nīshābūr
0%
341309 JOR Quwaysimah
0%
204108 JOR Saḥāb
0%
214100 IRQ Zākhū
0%
No matching quizzes found
Score Distribution
Percent of People with Each Score
Percentile by Number Answered
Your Score History
You have not taken this quiz